Clifford: (Record no. 180821)

MARC details
000 -LEADER
fixed length control field 00612nam a22001937a 4500
005 - DATE AND TIME OF LATEST TRANSACTION
control field 20210819114737.0
010 ## - LCCN (DPL NO)
LC control number B-741142
020 ## - INTERNATIONAL STANDARD BOOK NUMBER
International Standard Book Number 9789382996187
Terms of availability 2015
035 ## - SYSTEM CONTROL NUMBER
System control number B-741142
037 ## - SOURCE OF ACQUISITION
Source of stock number/acquisition Gift
082 ## - DEWEY DECIMAL CLASSIFICATION NUMBER
Classification number S
100 ## - MAIN ENTRY--PERSONAL NAME
Personal name Pande, Shanu
245 ## - TITLE STATEMENT
Title Clifford:
Remainder of title the great Indian dog /
Statement of responsibility, etc by Shanu Pande
260 ## - PUBLICATION, DISTRIBUTION, ETC. (IMPRINT)
Place of publication, distribution, etc New Delhi
Name of publisher, distributor, etc Pansy Books
Date of publication, distribution, etc 2015
270 ## - ADDRESS
Address RZ 66/A, Somesh VIhar, Chhawala
City New Delhi
Postal code 110071
300 ## - PHYSICAL DESCRIPTION
Extent 47p.
Dimensions 21cm(pbk)
942 ## - ADDED ENTRY ELEMENTS (KOHA)
Source of classification or shelving scheme Dewey Decimal Classification
Item type Children Books
Classification part S
Call number suffix PAN
Holdings
Withdrawn status Lost status Not for loan Collection code Home library Current library Date acquired Source of acquisition Cost, normal purchase price Full call number Barcode Copy number Cost, replacement price Koha item type Public note
      Fiction Central Library Central Library 19/08/2021 Gift/Eng/09-08-2021 175.00 S PAN B-741142 1 175.00 Children Books Gift

© Delhi Public Library
Hit Counter
free hit counter